000 00834nam a2200253Ia 4500
003 OSt
005 20220923211204.0
006 a|||||r|||| 00| 0
007 ta
008 Pun
020 _a8190226703 (hbk)
_c190
024 _a280,568
037 _b801, 09/03/2014, H.K. Prakashan
_cTextual
040 _aARTS
_cARTS
_bPun
041 _2Pun
_aPun
082 _aO153,3:g, P4
100 _aਰੰਧਾਵਾ, ਸੁਖਵਿੰਦਰ ਸਿੰਘ
_9159330
245 0 _aਕਥਾ ਚਿੰਤਨ
260 _aਜਲੰਧਰ
_b ਸੁੰਦਰ ਬੁੱਕ ਡਿਪੋ
_c2004
300 _a208ਪੰ
_ccm.
650 _aਪੰਜਾਬੀ ਸਾਹਿਤ
942 _hO153,3:g, P4
_cTEXL
_2CC
999 _c296552
_d296552